La Prorroga en los contratos administrativos : concepto, funcionalidad y régimen en los contratos de obras y en los de gestión de servicios públicos / Jaime F. Rodríguez-Arana ; con prólogo de Rafael Entrena Cuesta concepto, funcionalidad y régimen en los contratos de obras y en los de gestión de servicios públicos / Jaime F. Rodríguez-Arana ; con prólogo de Rafael Entrena Cuesta

por Rodríguez-Arana Muñoz, Xaime

ISBN: 84-7111-260-4
Publicado: Madrid : Montecorvo , 1988
Descripción Física: 189 p. ; 24 cm

MARC

LEADER 00000nam a2200000Ia 4500
001 18461
008 160829s1988 xx 000 0 cat d
020 |a 84-7111-260-4 
080 |a M-5-333 
100 1 |a Rodríguez-Arana Muñoz, Xaime  |9 23523 
245 |a La Prorroga en los contratos administrativos :  |b  concepto, funcionalidad y régimen en los contratos de obras y en los de gestión de servicios públicos / Jaime F. Rodríguez-Arana ; con prólogo de Rafael Entrena Cuesta 
260 |a Madrid :  |b Montecorvo,  |c 1988 
300 |a 189 p. ;  |c 24 cm 
590 |a Bibliografia 
650 |a Contractes administratius  |x Espanya   |9 23438 
650 |a Contractes de serveis  |x Espanya  |9 40052 
700 1 |a Entrena Cuesta, Rafael  |9 44279 
901 |a Arxiu 
942 |n 1 
952 |0 0  |1 0  |4 0  |6 M5333  |7 1  |9 49389  |a Arxiu  |b Arxiu  |d 2016-12-01  |l 0  |o M-5-333  |p 18461  |r 2016-12-01 00:00:00  |w 2016-12-01  |y ARXIU 
999 |c 53231  |d 53231